MARC details
| 000 -CABECERA |
| campo de control de longitud fija |
02582nam a2200481Ia 4500 |
| 001 - NÚMERO DE CONTROL |
| campo de control |
dia_1986 |
| 003 - IDENTIFICADOR DEL NÚMERO DE CONTROL |
| campo de control |
CHAP |
| 005 - FECHA Y HORA DE LA ÚLTIMA TRANSACCIÓN |
| campo de control |
20240502184748.0 |
| 007 - CAMPO FIJO DE DESCRIPCIÓN FÍSICA--INFORMACIÓN GENERAL |
| campo de control de longitud fija |
ta |
| 008 - DATOS DE LONGITUD FIJA--INFORMACIÓN GENERAL |
| campo de control de longitud fija |
220117s2015 mx abdefr 001 0 spa d |
| 040 ## - FUENTE DE LA CATALOGACIÓN |
| Centro/agencia transcriptor |
CHAP |
| Centro catalogador/agencia de origen |
mxchpua |
| 090 ## - LOCALMENTE ASIGNADO TIPO-LC NÚMERO DE CLASIFICACIÓN (OCLC); NÚMERO DE CLASIFICACIÓN LOCAL (RLIN) |
| Número de clasificación (OCLC) (R) ; Numero de clasificación, CALL (RLIN) (NR) |
T.C.701 |
| Número cutter local (OCLC) ; Número de libro/Signatura topográfica íntegra, CALL (RLIN) |
S83 EIUPA |
| Año |
2015 |
| 245 10 - MENCIÓN DE TÍTULO |
| Título |
Empresa de cerveza artesanal Agua Mala en Ensenada, Baja California / |
| Mención de responsabilidad, etc. |
coordinadores Carlos Suárez Espinosa, Artemio Pérez López y Evelio Aguilar Gudino ; colaboradores Yoshua Nayely Argumedo Herrera |
| 260 ## - PUBLICACIÓN, DISTRIBUCIÓN, ETC. |
| Lugar de publicación, distribución, etc. |
México : |
| Nombre del editor, distribuidor, etc. |
El autor, |
| Fecha de publicación, distribución, etc. |
2015 |
| 300 ## - DESCRIPCIÓN FÍSICA |
| Extensión |
53 hojas : |
| Otras características físicas |
ilustraciones, mapas, gráficas, diagramas, tablas, fotos, planos + |
| Material acompañante/anejo |
1 CD-ROM |
| 336 ## - TIPO DE CONTENIDO |
| Fuente |
rdacontent |
| Término de tipo de contenido |
texto |
| Código de tipo de contenido |
txt |
| 337 ## - TIPO DE MEDIO |
| Fuente |
rdamedia |
| Nombre/término del tipo de medio |
no mediado |
| Código del tipo de medio |
n |
| 338 ## - TIPO DE SOPORTE |
| Fuente |
rdacarrier |
| Nombre/término del tipo de soporte |
volumen |
| Código del tipo de soporte |
nc |
| 500 ## - NOTA GENERAL |
| Nota general |
Grado 7° Grupo 3<br/>El CD contiene reporte y planos<br/> |
| 502 ## - NOTA DE TESIS |
| Nota de tesis |
Viaje de estudios |
| Tipo de título |
(EIUPA) -- |
| Nombre de la institución que otorga el título |
UACh. Departamento de Ingeniería Agroindustrial, |
| Año de obtención del título |
2015 |
| 504 ## - NOTA DE BIBLIOGRAFÍA, ETC. |
| Nota de bibliografía, etc. |
Bibliografía: hoja 52 |
| 505 ## - NOTA DE CONTENIDO CON FORMATO |
| Nota de contenido con formato |
4 planos <br/>1. Distribución de áreas (Esc. 1:100) -- <br/>2. Plano de recorrido y equipo (Esc. 1:100) -- <br/>3. Diagrama de tubería e instrumentación -- <br/>4. Diagrama de flujo<br/>5. Distribución de áreas 2 (Esc. 1:100) |
| 650 13 - PUNTO DE ACCESO ADICIONAL DE MATERIA--TÉRMINO DE MATERIA |
| Término de materia o nombre geográfico como elemento de entrada |
Cervezas |
| 9 (RLIN) |
149283 |
| 650 13 - PUNTO DE ACCESO ADICIONAL DE MATERIA--TÉRMINO DE MATERIA |
| Término de materia o nombre geográfico como elemento de entrada |
Industria cervecera |
| 9 (RLIN) |
152608 |
| Subdivisión geográfica |
México |
| -- |
Baja California |
| 650 13 - PUNTO DE ACCESO ADICIONAL DE MATERIA--TÉRMINO DE MATERIA |
| Término de materia o nombre geográfico como elemento de entrada |
Beers |
| 9 (RLIN) |
149281 |
| 650 13 - PUNTO DE ACCESO ADICIONAL DE MATERIA--TÉRMINO DE MATERIA |
| Término de materia o nombre geográfico como elemento de entrada |
Brewing industry |
| 9 (RLIN) |
152607 |
| Subdivisión geográfica |
Mexico |
| -- |
Baja California |
| 700 1# - PUNTO DE ACCESO ADICIONAL--NOMBRE DE PERSONA |
| Nombre de persona |
Aguilar Gudino, Evelio |
| 9 (RLIN) |
149929 |
| Término indicativo de función/relación |
coordinador |
| 700 1# - PUNTO DE ACCESO ADICIONAL--NOMBRE DE PERSONA |
| Nombre de persona |
Pérez López, Artemio |
| 9 (RLIN) |
149931 |
| Término indicativo de función/relación |
coordinador |
| 700 1# - PUNTO DE ACCESO ADICIONAL--NOMBRE DE PERSONA |
| Nombre de persona |
Suárez Espinosa, Carlos |
| 9 (RLIN) |
151362 |
| Término indicativo de función/relación |
coordinador |
| 700 1# - PUNTO DE ACCESO ADICIONAL--NOMBRE DE PERSONA |
| Nombre de persona |
Argumedo Herrera, Yoshua Nayely |
| 9 (RLIN) |
152609 |
| Término indicativo de función/relación |
colaborador |
| 856 41 - LOCALIZACIÓN Y ACCESO ELECTRÓNICOS |
| Identificador Uniforme del Recurso |
<a href="http://10.13.5.2/ve/TC701EIUPA/TC701EIUPA2015-PLANO-DISTRIBUCIONDEAREAS1.pdf">http://10.13.5.2/ve/TC701EIUPA/TC701EIUPA2015-PLANO-DISTRIBUCIONDEAREAS1.pdf</a> |
| Texto de enlace |
DESCARGAR DISTRIBUCIÓN DE ÁREAS |
| 856 41 - LOCALIZACIÓN Y ACCESO ELECTRÓNICOS |
| Identificador Uniforme del Recurso |
<a href="http://10.13.5.2/ve/TC701EIUPA/TC701EIUPA2015-PLANO-RECORRIDOYDEEQUIPO1.pdf">http://10.13.5.2/ve/TC701EIUPA/TC701EIUPA2015-PLANO-RECORRIDOYDEEQUIPO1.pdf</a> |
| Texto de enlace |
DESCARGAR PLANO DE RECORRIDO Y EQUIPO |
| 856 41 - LOCALIZACIÓN Y ACCESO ELECTRÓNICOS |
| Identificador Uniforme del Recurso |
<a href="http://10.13.5.2/ve/TC701EIUPA/TC701EIUPA2015-PLANO-DTI.pdf">http://10.13.5.2/ve/TC701EIUPA/TC701EIUPA2015-PLANO-DTI.pdf</a> |
| Texto de enlace |
DESCARGAR DIAGRAMA DE TUBERÍA E INSTRUMENTACIÓN |
| 856 41 - LOCALIZACIÓN Y ACCESO ELECTRÓNICOS |
| Identificador Uniforme del Recurso |
<a href="http://10.13.5.2/ve/TC701EIUPA/TC701EIUPA2015-PLANO-DIAGRAMADEFLUJO.pdf">http://10.13.5.2/ve/TC701EIUPA/TC701EIUPA2015-PLANO-DIAGRAMADEFLUJO.pdf</a> |
| Texto de enlace |
DESCARGAR DIAGRAMA DE FLUJO |
| 856 41 - LOCALIZACIÓN Y ACCESO ELECTRÓNICOS |
| Identificador Uniforme del Recurso |
<a href="http://10.13.5.2/ve/TC701EIUPA/TC701EIUPA2015-PLANO-DISTRIBUCIONDEEQUIPO1.pdf">http://10.13.5.2/ve/TC701EIUPA/TC701EIUPA2015-PLANO-DISTRIBUCIONDEEQUIPO1.pdf</a> |
| Texto de enlace |
DESCARGAR DISTRIBUCIÓN DE ÁREAS 2 |
| 856 41 - LOCALIZACIÓN Y ACCESO ELECTRÓNICOS |
| Identificador Uniforme del Recurso |
<a href="http://10.13.5.2/ve/TC701EIUPA/TC701EIUPA2015-REPORTE.pdf">http://10.13.5.2/ve/TC701EIUPA/TC701EIUPA2015-REPORTE.pdf</a> |
| Texto de enlace |
DESCARGAR REPORTE |
| 942 ## - ELEMENTOS DE PUNTO DE ACCESO ADICIONAL (KOHA) |
| Fuente del sistema de clasificación o colocación |
Clasificación Universidad Autónoma de Chapingo |
| 901 ## - ELEMENTOS DE DATOS A LOCAL LDA (RLIN) |
| a |
T.C.701 S83 EIUPA 2015 |
| 902 ## - ELEMENTOS DE DATOS B LOCAL, LDB (RLIN) |
| a |
M |
| 905 ## - ELEMENTOS DE DATOS E LOCAL, LDE (RLIN) |
| a |
5232272015 mx mnl 8223123322spa16 |
| 942 ## - ELEMENTOS DE PUNTO DE ACCESO ADICIONAL (KOHA) |
| Tipo de ítem Koha |
Viaje de Estudios |